000 00626nam a22002297a 4500
003 UA-OsUOA
001 92791
007 ta
008 20121226b un ||||| |||| 00| 0 ukr d
100 _aБірзе М.
090 _a821.124
_bБ64
942 _cBK
040 _aUA-OsUOA
_bukr
_cUA-OsUOA
_dUA-OsUOA
245 _aІ під кригою річка тече...
_bповість, оповідання
300 _a246 с.
955 _a3
041 _aukr
080 _a821.124
260 _aК.
_bДніпро
_c1978
650 7 _a82 Література. Літературознавство
_2UDC
999 _c379252
_d379252